000
00310nam a22001337a 4500
008
181030b xxu||||| |||| 00| 0 eng d
020
_a
9780521466875
041
_a
eng
080
_a
201
100
_a
24
101
_a
TEO
245
_a
Resistance, Religion and Responsibility
_c
Marshall, J
942
_2
udc
_c
BK
999
_c
51126
_d
51126